Introduction to qualitative research methods (Record no. 29181)

MARC details
000 -LEADER
fixed length control field 00313nam a2200121Ia 4500
082 ## - DEWEY DECIMAL CLASSIFICATION NUMBER
Classification number 301.001.5
Item number BOG
100 ## - MAIN ENTRY--AUTHOR NAME
Personal name Bogdoan, R
245 #0 - TITLE STATEMENT
Title Introduction to qualitative research methods
260 ## - PUBLICATION, DISTRIBUTION, ETC. (IMPRINT)
Place of publication New York
Name of publisher John Wiley
Year of publication 1975
700 ## - ADDED ENTRY--PERSONAL NAME
Personal name Taylor
942 ## - ADDED ENTRY ELEMENTS (KOHA)
Koha item type Books
Holdings
Withdrawn status Lost status Damaged status Not for loan Home library Current library Date acquired Cost, normal purchase price Full call number Accession Number Koha item type
        RRII Library RRII Library 16/12/2021 13.50 301.001.5 BOG 09771 Books